[Event "Reinstorf op"]
[Site "Reinstorf"]
[Date "2022.02.06"]
[Round "9"]
[White "Linnemann, Caspar"]
[Black "Goh, Choon Keng Philip"]
[Result "1/2-1/2"]
[WhiteElo "1754"]
[BlackElo "1960"]
[PlyCount "125"]
[EventDate "2022.01.29"]
[EventType "swiss"]
[EventRounds "9"]
[EventCountry "GER"]
[SourceTitle "CBM 206 Extra"]
[Source "ChessBase"]
[SourceDate "2022.03.31"]
[SourceVersion "1"]
[SourceVersionDate "2022.03.31"]
[SourceQuality "1"]

1. e4 d5 2. exd5 Qxd5 3. Nc3 Qd8 4. d4 Nf6 5. h3 e6 6. Nf3 a6 7. Be2 Be7 8. 0-0 0-0 9. Bf4 Nc6 10. Re1 Re8 11. a3 Nd5 12. Nxd5 exd5 13. Bd3 h6 14. c3 Be6 15. Bc2 Bg5 16. Nxg5 hxg5 17. Be3 g4 18. hxg4 Qh4 19. f3 g6 20. Qd2 f5 21. gxf5 gxf5 22. Re2 Kf7 23. Bg5 Qg3 24. Qf4 Qxf4 25. Bxf4 Bd7 26. Rxe8 Rxe8 27. Kf2 Rh8 28. Bxc7 Nxd4 29. cxd4 Rc8 30. Bb3 Rxc7 31. Bxd5+ Kf6 32. Bb3 a5 33. Re1 a4 34. Ba2 Rc2+ 35. Re2 Rc1 36. Rd2 f4 37. g3 fxg3+ 38. Kxg3 Ke7 39. Bd5 b6 40. Be4 Kd6 41. Kf4 Rf1 42. Ke3 Rc1 43. Rh2 Bb5 44. Kd2 Rf1 45. Rh6+ Kc7 46. Rh2 Kd6 47. Rh6+ Kc7 48. Rh7+ Kd6 49. Rb7 Bc4 50. Rxb6+ Ke7 51. Rb4 Bb3 52. Rb7+ Kd6 53. Rb8 Rf2+ 54. Kc3 Bd1 55. Rf8 Ke7 56. Rf5 Ke6 57. d5+ Ke7 58. Re5+ Kd7 59. Rf5 Ke7 60. Re5+ Kd7 61. Rh5 Bb3 62. Rh7+ Kd6 63. Rh6+ 1/2-1/2

[Event "Reinstorf op"]
[Site "Reinstorf"]
[Date "2022.02.01"]
[Round "4"]
[White "Goh, Choon Keng Philip"]
[Black "Laux, Dominik"]
[Result "1/2-1/2"]
[WhiteElo "1960"]
[BlackElo "2200"]
[PlyCount "162"]
[EventDate "2022.01.29"]
[EventType "swiss"]
[EventRounds "9"]
[EventCountry "GER"]
[SourceTitle "CBM 206 Extra"]
[Source "ChessBase"]
[SourceDate "2022.03.31"]
[SourceVersion "1"]
[SourceVersionDate "2022.03.31"]
[SourceQuality "1"]

1. Nf3 d5 2. g3 Nd7 3. Bg2 e5 4. d3 Ngf6 5. 0-0 c6 6. c4 dxc4 7. dxc4 Be7 8. b3 0-0 9. Bb2 Qc7 10. Qc2 Re8 11. Nbd2 Bf8 12. e3 a5 13. a3 Qb8 14. Rfc1 Ra7 15. h4 Nc5 16. Ng5 h6 17. Nge4 Nfxe4 18. Nxe4 Bf5 19. Rd1 Qc8 20. Bc3 Qe6 21. b4 axb4 22. axb4 Rxa1 23. Rxa1 Nd7 24. Qa2 Nb6 25. c5 Nd5 26. Be1 Qg6 27. Qc4 b5 28. cxb6 Nxb6 29. h5 Nxc4 30. hxg6 Bxg6 31. Rc1 Nb2 32. Rxc6 Nd3 33. Bc3 Bxb4 34. Bxb4 Nxb4 35. Rc7 Rd8 36. Nc3 Rd2 37. Ne4 Rd1+ 38. Kh2 Nd3 39. Bf3 Rf1 40. Kg2 Ra1 41. g4 Ne1+ 42. Kg3 Nxf3 43. Kxf3 Ra2 44. Nd6 Ra6 45. Nc8 Rf6+ 46. Kg3 Be4 47. f4 exf4+ 48. exf4 g5 49. f5 Ra6 50. Re7 Ra3+ 51. Kh2 Ra2+ 52. Kh3 Ra3+ 53. Kh2 Bf3 54. Nd6 Bd5 55. Re5 Ra2+ 56. Kh3 Ra3+ 57. Kh2 Rd3 58. Ne8 Bf3 59. Nf6+ Kg7 60. Nh5+ Kf8 61. Nf6 Bc6 62. Rc5 Rd6 63. Nh5 Rd2+ 64. Kh3 Rd3+ 65. Kh2 Rd2+ 66. Kh3 Rd3+ 67. Kh2 Bf3 68. f6 Ke8 69. Ng7+ Kd7 70. Re5 Bd5 71. Re7+ Kc6 72. Nf5 Rd2+ 73. Kh3 Rd3+ 74. Kh2 Rd2+ 75. Kh3 Rf2 76. Re5 Be6 77. Rxe6+ fxe6 78. f7 exf5 79. Kg3 Rf4 80. f8Q Rxg4+ 81. Kf3 Rh4 1/2-1/2

[Event "Reinstorf op"]
[Site "Reinstorf"]
[Date "2022.01.31"]
[Round "3"]
[White "Wetterling, Manfred"]
[Black "Goh, Choon Keng Philip"]
[Result "0-1"]
[WhiteElo "1619"]
[BlackElo "1960"]
[PlyCount "36"]
[EventDate "2022.01.29"]
[EventType "swiss"]
[EventRounds "9"]
[EventCountry "GER"]
[SourceTitle "CBM 206 Extra"]
[Source "ChessBase"]
[SourceDate "2022.03.31"]
[SourceVersion "1"]
[SourceVersionDate "2022.03.31"]
[SourceQuality "1"]

1. e4 c5 2. Nf3 d6 3. d4 cxd4 4. Nxd4 Nf6 5. Nc3 Nc6 6. Bg5 e6 7. Qd2 a6 8. 0-0-0 Bd7 9. f4 Be7 10. Be2 b5 11. Bxb5 axb5 12. Ncxb5 Nxd4 13. Nxd6+ Bxd6 14. Bxf6 Qxf6 15. e5 Qxf4 16. Qxf4 Ne2+ 17. Kb1 Nxf4 18. Rxd6 Ng6 0-1

[Event "Calvia Amateur op 14th"]
[Site "Calvia"]
[Date "2017.10.08"]
[Round "2"]
[White "Lacrosse, Marc"]
[Black "Goh, Choon Keng Philip"]
[Result "1/2-1/2"]
[WhiteElo "2121"]
[BlackElo "1885"]
[PlyCount "62"]
[EventDate "2017.10.07"]
[EventType "swiss"]
[EventRounds "9"]
[EventCountry "ESP"]
[SourceTitle "CBM 181 Extra"]
[Source "ChessBase"]
[SourceDate "2017.12.12"]
[SourceVersion "1"]
[SourceVersionDate "2017.12.12"]
[SourceQuality "1"]

1. d4 d5 2. c4 c6 3. Nf3 Nf6 4. Nc3 dxc4 5. a4 Bf5 6. Ne5 Nbd7 7. Nxc4 Nb6 8. Ne5 a5 9. f3 Nfd7 10. Nxd7 Nxd7 11. e4 Bg6 12. Be3 e5 13. d5 Bc5 14. Qd2 Qb6 15. dxc6 bxc6 16. Bxc5 Nxc5 17. Qd6 Rd8 18. Nd5 Qb4+ 19. Nxb4 Rxd6 20. Rc1 axb4 21. Rxc5 f6 22. Bc4 Ke7 23. 0-0 Ra8 24. b3 Be8 25. a5 Rd2 26. a6 Kd6 27. Ra5 Ra7 28. Rf2 Rd1+ 29. Rf1 Rd2 30. Rf2 Rd1+ 31. Rf1 Rd2 1/2-1/2